Administración de alimentos y tratamientos a personas dependientes en el domicilio : (Registro nro. 240364)

Detalles MARC
000 -LEADER
fixed length control field 01733nam a2200421Ii 4500
001 - CONTROL NUMBER
control field DIGMECD0162
003 - CONTROL NUMBER IDENTIFIER
control field NyNyDIG
008 - FIXED-LENGTH DATA ELEMENTS--GENERAL INFORMATION
fixed length control field 190227s2014 sp a o 000 0 spa d
006 - FIXED-LENGTH DATA ELEMENTS--ADDITIONAL MATERIAL CHARACTERISTICS
fixed length control field m o d
007 - PHYSICAL DESCRIPTION FIXED FIELD--GENERAL INFORMATION
fixed length control field cr |||||||||||
035 ## - SYSTEM CONTROL NUMBER
System control number (OCoLC)1088883848
040 ## - CATALOGING SOURCE
Original cataloging agency DGITA
Language of cataloging eng
Description conventions rda
-- pn
Transcribing agency DGITA
020 ## - INTERNATIONAL STANDARD BOOK NUMBER
International Standard Book Number 9788436955439
Qualifying information (eBook ;
-- pdf)
020 ## - INTERNATIONAL STANDARD BOOK NUMBER
International Standard Book Number 8436955439
Qualifying information (eBook ;
-- pdf)
024 7# - OTHER STANDARD IDENTIFIER
Standard number or code 030-14-021-X
Source of number or code nipo
050 14 - LIBRARY OF CONGRESS CALL NUMBER
Classification number HV696.F6 ebook
082 04 - DEWEY DECIMAL CLASSIFICATION NUMBER
Classification number 363.883
100 1# - MAIN ENTRY--PERSONAL NAME
Personal name Jiménez Gancedo, Berta,
Relator term author.
245 10 - TITLE STATEMENT
Title Administración de alimentos y tratamientos a personas dependientes en el domicilio :
Remainder of title servicios socioculturales a la comunidad /
Statement of responsibility, etc. autor, Berta Jiménez Gancedo.
264 #1 - PRODUCTION, PUBLICATION, DISTRIBUTION, MANUFACTURE, AND COPYRIGHT NOTICE
Place of production, publication, distribution, manufacture [Madrid] :
Name of producer, publisher, distributor, manufacturer Ministerio de Educación, Cultura y Deporte, Secretaría General Técnica, Subdirección General de Documentación y Publicaciones,
Date of production, publication, distribution, manufacture, or copyright notice [2014]
300 ## - PHYSICAL DESCRIPTION
Extent 1 online resource :
Other physical details color illustrations.
336 ## - CONTENT TYPE
Content type term text
Content type code txt
Source rdacontent
337 ## - MEDIA TYPE
Media type term computer
Media type code c
Source rdamedia
338 ## - CARRIER TYPE
Carrier type term online resource
Carrier type code cr
Source rdacarrier
490 1# - SERIES STATEMENT
Series statement Colección Aula mentor. Serie Carácter profesional
588 0# - SOURCE OF DESCRIPTION NOTE
Source of description note Online resource; title from ePub title page (Digitalia, viewed March 2, 2019)
650 #0 - SUBJECT ADDED ENTRY--TOPICAL TERM
Topical term or geographic name entry element Food relief.
650 #0 - SUBJECT ADDED ENTRY--TOPICAL TERM
Topical term or geographic name entry element Home care services.
650 #0 - SUBJECT ADDED ENTRY--TOPICAL TERM
Topical term or geographic name entry element Older people
General subdivision Home care.
650 #0 - SUBJECT ADDED ENTRY--TOPICAL TERM
Topical term or geographic name entry element Digestive organs.
655 #0 - INDEX TERM--GENRE/FORM
Genre/form data or focus term Electronic books.
791 2# -
-- Digitalia (Firm),
-- distributor.
793 0# -
-- Digitalia eBook Collection:
-- Ministerio de Educación, Cultura y Deporte de España
830 #0 - SERIES ADDED ENTRY--UNIFORM TITLE
Uniform title Aula mentor.
Name of part/section of a work Serie Carácter profesional.
856 40 - ELECTRONIC LOCATION AND ACCESS
Materials specified Digitalia Hispánica
Uniform Resource Identifier <a href="https://www.digitaliapublishing.com/a/30256/">https://www.digitaliapublishing.com/a/30256/</a>
910 ## - USER-OPTION DATA (OCLC)
User-option data Premium collection: 2019
942 ## - ADDED ENTRY ELEMENTS (KOHA)
Koha item type Recurso Electrónico
Existencias
Withdrawn status Lost status Damaged status Not for loan Collection Home library Current library Date acquired Total checkouts Date last seen Price effective from Koha item type
        Digitalia Ebooks Hispanica Biblioteca Digital UIN Biblioteca Digital UIN 04/25/2025   04/25/2025 04/25/2025 Recurso Electrónico

CONTACTO


NOSOTROS


SITIOS DE INTERES

coordinacion.biblioteca.biblioteca@unienlinea.mx Misión, Visión y Objetivos Bases de datos
Directorio Bibliotecas Digitales y Repositorios
Normatividad Revistas y artículos
Convenios interbibliotecarios
Boletines



Hecho en México. Universidad Insurgentes (UIN). Todos los derechos reservados 2024. Esta página y sus contenidos pueden ser reproducidos con fines no lucrativos, siempre y cuando no se mutile, se cite la fuente completa y su dirección electrónicas. De otra forma requiere permiso previo por escrito de la institución




2024 Copyright Universidad Insurgentes | www.bibliouin.com.mx